000 00465nam a2200181Ia 4500
008 151018s9999 xx 000 0 und d
082 _bRBASDV47042
_a824
100 _aGezim Alpion
245 _aEncounters with civiliations
250 _b1
260 _bMetiour Books
_c2008
300 _a262
600 _aGezim Alpion
630 _aEncounters with civiliations
700 _aGezim Alpion
730 _aEncounters with civiliations
942 _cBOOK
999 _c1046190
_d1046187